<The> Business environment in Slovakia and Expected benefits of the amendment no 348/2011 of the laws no 7/2005 Bankruptcy and restructuring

Saved in:
Bibliographic Details
Main Author: Sedláková, Iveta
Format: Book Chapter
Language:English
Tags: Add Tag
No Tags, Be the first to tag this record!

MARC

LEADER 00000naa a2200000 4500
001 0196538
005 20240502073318.9
041 0 |a eng 
044 |a SK 
245 1 0 |a <The> Business environment in Slovakia and Expected benefits of the amendment no 348/2011 of the laws no 7/2005 Bankruptcy and restructuring  |c Iveta Sedláková 
100 1 |a Sedláková, Iveta